书目信息 |
| 题名: |
Cambridge English IELTS 13
|
|
| 作者: | ||
| 分册: | ||
| 出版信息: | CAMBRIDGE UNIVERSITY PRESS 2013 |
|
| 页数: | 140页 | |
| 开本: | 26cm | |
| 丛书名: | ||
| 单 册: | ||
| 中图分类: | H31 | |
| 科图分类: | ||
| 主题词: | 英语 | |
| 电子资源: | ||
| ISBN: | 978-1-108-61941-7 | |
| 000 | 00529nam0 2200181 450 | |
| 001 | 1958201837 | |
| 005 | 20191125161105.04 | |
| 010 | @a978-1-108-61941-7@dCNY128.00 | |
| 100 | @a20191125d2013 km y0chiy0120 ea | |
| 101 | 0 | @achi |
| 200 | 1 | @aCambridge English IELTS 13@eAUTHENTIC EXAMINATION PAPERS |
| 210 | @cCAMBRIDGE UNIVERSITY PRESS@d2013 | |
| 215 | @a140页@d26cm | |
| 517 | 1 | @aAUTHENTIC EXAMINATION PAPERS |
| 606 | 0 | @a英语 |
| 690 | @aH31@v4 | |
| 801 | 0 | @aCN@b大连网信软件有限公司图书馆·11@c20191125 |
| 905 | @aZUCC@dH31@eC767 | |
| Cambridge English IELTS 13:AUTHENTIC EXAMINATION PAPERS.-CAMBRIDGE UNIVERSITY PRESS,2013 |
| 140页;26cm |
| ISBN 978-1-108-61941-7:CNY128.00 |
| ● |
| 相关链接 |
|
|
|
正题名:Cambridge English IELTS 13
索取号:H31/C767
 
预约/预借
| 序号 | 登录号 | 条形码 | 馆藏地/架位号 | 状态 | 备注 |
| 1 | 1303251 | 213032519 | 能源与建筑环境工程学院资料室/ [索取号:H31/C767] | 在馆 |